Jüdische Selbstverwaltung unter dem NS-Regime: der Existenzkampf der Reichsvertretung und Reichsvereinigung der Juden in Deutschland
| Autor principal: | |
|---|---|
| Tipo de documento: | Print Libro |
| Lenguaje: | Alemán |
| Publicado: |
Tübingen
Mohr
1994
|
| En: |
Schriftenreihe wissenschaftlicher Abhandlungen des Leo-Baeck-Instituts (50)
Año: 1994 |
| Acceso en línea: |
Book review (H-Net) Índice Índice |
| Verificar disponibilidad: | HBZ Gateway |
| Servicio de pedido Subito: | Pedir ahora. |
| Palabras clave: |
MARC
| LEADER | 00000cam a2200000 c 4500 | ||
|---|---|---|---|
| 001 | 272924202 | ||
| 003 | DE-627 | ||
| 005 | 20260206193324.0 | ||
| 007 | tu | ||
| 008 | 990101s1994 gw ||||| m 00| ||ger c | ||
| 015 | |a 94,N39,0881 |2 dnb | ||
| 015 | |a 94,N39,0881 |2 dnb | ||
| 016 | 7 | |a 942118693 |2 DE-101 | |
| 020 | |a 3161461797 |9 3-16-146179-7 | ||
| 035 | |a (DE-627)272924202 | ||
| 035 | |a (DE-603)031411703 | ||
| 035 | |a (DE-576)042474078 | ||
| 035 | |a (DE-599)GBV272924202 | ||
| 035 | |a (OCoLC)246851994 | ||
| 035 | |a (OCoLC)312004856 | ||
| 035 | |a (OCoLC)312004856 | ||
| 035 | |a (DE-604)8098254359 | ||
| 040 | |a DE-627 |b ger |c DE-627 |e rakwb | ||
| 041 | |a ger | ||
| 044 | |c XA-DE | ||
| 050 | 0 | |a DS134.255 | |
| 082 | 0 | |a 369/.3924043/09043 20 |q OCLC |2 22 | |
| 082 | 0 | |a 369/.3924043/09043 |q OCLC | |
| 082 | 0 | |a 369.392404309043 | |
| 084 | |a 63 |2 sdnb | ||
| 084 | |a NQ 2360 |2 rvk |0 (DE-625)rvk/128255: | ||
| 084 | |a NY 4620 |2 rvk |0 (DE-625)rvk/132348: | ||
| 084 | |a 15.96 |2 bkl | ||
| 090 | |a a | ||
| 100 | 1 | |a Hîldeshaymer, ʿAzrîʾēl |d 1912-1998 |0 (DE-588)121843599 |0 (DE-627)081571011 |0 (DE-576)173076076 |4 aut | |
| 109 | |a Hîldeshaymer, ʿAzrîʾēl 1912-1998 |a Hildesheimer, E. 1912-1998 |a Hîldeshaimer, ʿAzrîʾēl 1912-1998 |a Hildeshaimer, ʿAzriʾel 1912-1998 |a Hildesheimer, Esriel 1912-1998 |a Hildesheimer, Hans Esriel ben Shalom Chaim 1912-1998 |a Hildesheimer, Hans Esriel 1912-1998 | ||
| 245 | 1 | 0 | |a Jüdische Selbstverwaltung unter dem NS-Regime |b der Existenzkampf der Reichsvertretung und Reichsvereinigung der Juden in Deutschland |c Esriel Hildesheimer |
| 264 | 1 | |a Tübingen |b Mohr |c 1994 | |
| 300 | |a XVI, 258 S | ||
| 336 | |a Text |b txt |2 rdacontent | ||
| 337 | |a ohne Hilfsmittel zu benutzen |b n |2 rdamedia | ||
| 338 | |a Band |b nc |2 rdacarrier | ||
| 490 | 1 | |a Schriftenreihe wissenschaftlicher Abhandlungen des Leo-Baeck-Instituts |v 50 | |
| 502 | |a Zugl.: Jerusalem, Univ., Diss., 1982 | ||
| 583 | 1 | |a Archivierung/Langzeitarchivierung gewährleistet |f PEBW |x XA-DE-BW |2 pdager |5 DE-24 | |
| 610 | 2 | 7 | |0 (DE-588)18576-0 |0 (DE-627)100572774 |0 (DE-576)190271485 |a Reichsvereinigung der Juden in Deutschland |2 gnd |
| 648 | 7 | |a Geschichte |2 gnd | |
| 650 | 0 | |a Jews |x History |x 1933-1945 |x Germany | |
| 650 | 0 | |a Jews |x Politics and government |x Germany | |
| 650 | 0 | |a Holocaust, Jewish (1939-1945) |x Germany | |
| 651 | 0 | |a Germany |x Ethnic relations | |
| 653 | 0 | |a Reichsvertretung der Deutschen Juden | |
| 653 | 0 | |a Reichsvereinigung der Juden in Deutschland | |
| 655 | 7 | |a Hochschulschrift |0 (DE-588)4113937-9 |0 (DE-627)105825778 |0 (DE-576)209480580 |2 gnd-content | |
| 689 | 0 | 0 | |d b |0 (DE-588)18576-0 |0 (DE-627)100572774 |0 (DE-576)190271485 |a Reichsvereinigung der Juden in Deutschland |2 gnd |
| 689 | 0 | 1 | |a z |2 gnd |a Geschichte |
| 689 | 0 | |5 DE-101 | |
| 689 | 1 | 0 | |d b |0 (DE-588)18576-0 |0 (DE-627)100572774 |0 (DE-576)190271485 |a Reichsvereinigung der Juden in Deutschland |2 gnd |
| 689 | 1 | 1 | |a z |2 gnd |a Geschichte |
| 689 | 1 | |5 (DE-627) | |
| 689 | 2 | 0 | |d s |0 (DE-588)4028808-0 |0 (DE-627)10430670X |0 (DE-576)208979565 |a Juden |2 gnd |
| 689 | 2 | 1 | |d s |0 (DE-588)4054442-4 |0 (DE-627)106162756 |0 (DE-576)209108711 |a Selbstverwaltung |2 gnd |
| 689 | 2 | 2 | |d g |0 (DE-588)4011882-4 |0 (DE-627)104704861 |0 (DE-576)208896155 |a Deutschland |2 gnd |
| 689 | 2 | |5 (DE-627) | |
| 751 | |a Jerusalem |0 (DE-588)4028586-8 |0 (DE-627)104653779 |0 (DE-576)208978097 |4 uvp | ||
| 810 | 2 | |a Leo Baeck Institute |t Schriftenreihe wissenschaftlicher Abhandlungen des Leo-Baeck-Instituts |v 50 |9 50 |w (DE-627)130116270 |w (DE-576)015646580 |w (DE-600)504565-4 |x 0459-097X |7 am | |
| 856 | 4 | 2 | |u https://swbplus.bsz-bw.de/bsz042474078inh.htm |m V:DE-576 |v 2006-02-09 |3 Inhaltsverzeichnis |7 1 |
| 856 | 4 | 2 | |u http://www.h-net.org/review/hrev-a0a5k8-aa |v 2014-05-14 |x Verlag |y Book review (H-Net) |7 1 |
| 856 | 4 | 2 | |u http://scans.hebis.de/HEBCGI/show.pl?03141170_toc.pdf |m V:DE-576 |q application/pdf |3 Inhaltsverzeichnis |7 1 |
| 889 | |w (DE-627)164099565 | ||
| 935 | |i mdedup | ||
| 935 | |i Blocktest | ||
| 935 | |i sf | ||
| 935 | |h HEB |i 0501 | ||
| 935 | |h HEB |i 0503 | ||
| 936 | r | v | |a NQ 2360 |b Judenverfolgung / Antisemitismus im Dritten Reich (Judenfrage) |k Geschichte |k Geschichte seit 1918 |k Drittes Reich |k Innere Geschichte |k NS-Terror |k Judenverfolgung / Antisemitismus im Dritten Reich (Judenfrage) |0 (DE-627)1270699571 |0 (DE-625)rvk/128255: |0 (DE-576)200699571 |
| 936 | r | v | |a NY 4620 |b Allgemeines |k Geschichte |k Geschichte der Juden |k Geschichte der Juden nach Zeitabschnitten und Ländern |k Juden in Deutschland und Österreich |k Deutschland |k Allgemeines |0 (DE-627)1270708376 |0 (DE-625)rvk/132348: |0 (DE-576)200708376 |
| 936 | b | k | |a 15.96 |j Geschichte des jüdischen Volkes außerhalb des Staates Israel |0 (DE-627)106404660 |
| 936 | s | n | |a n100 |2 mzub |
| 936 | s | n | |a m200 |2 mzub |
| 951 | |a BO | ||
| ELC | |b 1 | ||
| LOK | |0 000 xxxxxcx a22 zn 4500 | ||
| LOK | |0 001 3280032431 | ||
| LOK | |0 003 DE-627 | ||
| LOK | |0 004 272924202 | ||
| LOK | |0 005 20151116135008 | ||
| LOK | |0 008 150728||||||||||||||||ger||||||| | ||
| LOK | |0 040 |a DE-21-110 |c DE-627 |d DE-21-110 | ||
| LOK | |0 689 |a s |a Nationalsozialismus | ||
| LOK | |0 689 |a s |a Judenverfolgung | ||
| LOK | |0 852 |z Kein Bestand am IfK; Nachweis für KrimDok | ||
| LOK | |0 852 |a DE-21-110 | ||
| LOK | |0 852 1 |9 00 | ||
| LOK | |0 935 |a k110 | ||
| LOK | |0 939 |a 28-07-15 |b l01 | ||
| ORI | |a SA-MARC-krimdoka001.raw | ||
| TIM | |a 100019390201_100019430710 |b 1939-02-01 - 1943-07-10 | ||
